00365 a2200121 4500001001000000005001700010008004100027245005100068100002500119700001900144773006300163999001700226ART_1145620260410161857.0260409a 10aLa promoción del desarrollo local y regional1 aFrediani, Ramón O.1 aBarone, Sergio0 tRevista de Economíag- Nº 72 (ene./mar. 1994)wREV11077 c25593d25593